000 01141nam0a22002771 4500
001 rc\3275535
005 20250609172859.0
035 _a(NLR Aleph) 007395014
090 _a6651498
_c6651498
100 _a20130115d1970 |||y0rusy50 ca
101 0 _arus
102 _aRU
105 _aaeh z |||||
200 1 _aЗвуковая книга о Ленине
_eТрибун. Человек. Мыслитель. Революционер. Зодчий
_fКом. по радиовещанию и телевидению при Совете Министров СССР
210 _aМосква
_cПравда
_d1970
215 _a193 с., 18 грампластинок
_cил., факс.
_d25
300 _aВ вып. дан.: участвовали журналисты Д. Белов, Б. Вахнюк, Ю. Визбор [и др.]
702 1 _aБелов
_bД.
_4570
702 1 _aВахнюк
_bБ.
_4570
702 1 _aЛенин
_bВ.И.
_f1870-1924
_gВладимир Ильич
_4570
702 1 _aВизбор
_bЮ.
_4570
801 0 _aRU
_bNLR
_gpsbo
801 1 _aRU
_bELAR
_2rusmarc
852 _aNLR
_jОтд. нот.
942 _cBOOK
980 _aNB